000 00362nam a2200157Ia 4500
003 Ost
005 20260225132557.0
008 260225s9999||||xx |||||||||||||| ||und||
040 _cfsic
041 _afre
082 _a440
100 _aabderra
_eAuteur
245 0 _al'arméedes ombreMla guerre d'algérie en france /
245 0 _cabderra
942 _cكتاب
999 _c34553
_d34553